[Event "Novosibirsk Region op"]
[Site "Novosibirsk"]
[Date "2007.12.13"]
[Round "9"]
[White "Nikitin, Gennady Sergeevich"]
[Black "Galauov, Ruslan"]
[Result "0-1"]
[WhiteElo "2123"]
[BlackElo "2117"]
[PlyCount "94"]
[EventDate "2007.12.05"]
[EventType "swiss"]
[EventRounds "9"]
[EventCountry "RUS"]
[SourceTitle "CBM 122 Extra"]
[Source "ChessBase"]
[SourceDate "2008.03.04"]
[SourceVersion "1"]
[SourceVersionDate "2008.03.04"]
[SourceQuality "1"]

1. d4 e6 2. c4 Nf6 3. Nf3 b6 4. g3 c5 5. Bg2 Bb7 6. 0-0 cxd4 7. Qxd4 Bc5 8. Qh4 Be7 9. Qf4 d5 10. Rd1 Nbd7 11. Nc3 Qb8 12. Qxb8+ Rxb8 13. Bf4 Rc8 14. cxd5 Nxd5 15. Nxd5 Bxd5 16. e4 Bb7 17. Ne5 Nf6 18. f3 Bc5+ 19. Kh1 0-0 20. Nd7 Nxd7 21. Rxd7 Bc6 22. Rxa7 Rfd8 23. Rc1 Bd4 24. Rc7 e5 25. Rxc8 Rxc8 26. Bh3 Rc7 27. Rd1 g6 28. b3 Ra7 29. a4 b5 30. axb5 Bxb5 31. Bh6 f5 32. Rc1 Be2 33. Bg2 Kf7 34. h4 Rb7 35. Kh2 Rxb3 36. Rc7+ Ke6 37. Rxh7 Bxf3 38. Bxf3 Rxf3 39. Bg5 fxe4 40. Re7+ Kf5 41. Kh3 e3 42. Rf7+ Ke4 43. Rb7 e2 44. Bd2 Bc3 45. Bxc3 Rxc3 46. Rb1 Rd3 47. Re1 Kf3 0-1

[Event "Novosibirsk Region op"]
[Site "Novosibirsk"]
[Date "2007.12.07"]
[Round "3"]
[White "Galauov, Ruslan"]
[Black "Dzhumagaliev, Yan"]
[Result "1/2-1/2"]
[WhiteElo "2117"]
[BlackElo "2252"]
[PlyCount "95"]
[EventDate "2007.12.05"]
[EventType "swiss"]
[EventRounds "9"]
[EventCountry "RUS"]
[SourceTitle "CBM 122 Extra"]
[Source "ChessBase"]
[SourceDate "2008.03.04"]
[SourceVersion "1"]
[SourceVersionDate "2008.03.04"]
[SourceQuality "1"]

1. e4 c5 2. Nf3 e6 3. d3 Nc6 4. g3 d6 5. Bg2 Nf6 6. 0-0 Be7 7. c3 0-0 8. Re1 e5 9. Nbd2 Ne8 10. h4 b5 11. Nf1 b4 12. Ne3 bxc3 13. bxc3 Rb8 14. Nd5 Nc7 15. Be3 Bg4 16. Qa4 Bd7 17. Qc2 Re8 18. Rab1 Bf8 19. Rxb8 Nxb8 20. d4 cxd4 21. cxd4 Nxd5 22. exd5 e4 23. Ng5 f5 24. f3 h6 25. Ne6 Qa5 26. Re2 Rc8 27. Qb1 Bb5 28. Bd2 Qa4 29. Rf2 Bd3 30. Qb7 Qd7 31. Qxd7 Nxd7 32. Bh3 Nf6 33. Nf4 Rc4 34. Nxd3 exd3 35. Bxf5 Rxd4 36. Bc3 Rc4 37. Bxf6 gxf6 38. Bxd3 Rc3 39. Bf5 h5 40. Kg2 Bh6 41. Rb2 Be3 42. Rb3 Rxb3 43. axb3 Kg7 44. f4 Bc5 45. Kf3 a5 46. Bd7 Kf8 47. g4 hxg4+ 48. Kxg4 1/2-1/2